000 00311nam a22001457a 4500
008 230317b ||||| |||| 00| 0 eng d
020 _a9780395966105
041 _aeng
080 _a72
082 _a72BOS
100 _a19
101 _aARKITE
245 _aEXPANDED AND UPDATED
_cKAY H.J
942 _2udc
_cBK
999 _c59387
_d59387